[Event "Faroese Team Championship 2022"]
[Site "Torshavn"]
[Date "2022.03.26"]
[Round "10.1"]
[White "Ziska, Helgi Dam"]
[Black "Egilstoft, Rogvi"]
[Result "1-0"]
[WhiteElo "2544"]
[BlackElo "2378"]
[Annotator "TA"]
[PlyCount "153"]
[EventDate "2022.03.23"]
[EventType "team-tourn"]
[EventCountry "FAI"]
[SourceTitle "playchess.com"]
[Source "ChessBase"]
[SourceQuality "1"]

{[%evp 9,153,53,61,53,58,52,64,47,104,100,116,107,123,117,119,110,129,116,112,113,138,133,129,131,125,100,107,70,68,43,29,28,39,33,35,25,28,31,60,0,17,16,3,-2,0,0,0,-33,0,-27,0,-22,0,-66,-32,-8,0,-58,-48,-56,65,62,62,0,0,6,9,0,60,0,0,0,47,66,61,73,113,108,378,399,399,395,395,357,317,169,257,248,525,518,498,483,773,771,829,916,900,908,891,877,882,851,827,829,817,792,732,747,716,698,690,697,687,674,745,732,627,114,119,15,15,15,15,8,8,8,8,15,1633,8,8,8,15,0,29967,29968,29969,29965,29969,29970,29977,29979,29977,29980,29979,29979]} 1. c4 e6 2. g3 c5 3. Bg2 Nc6 4. Nf3 b6 5. d4 cxd4 6. Nxd4 {A13: English Opening: 1...e6.} Bb7 7. O-O {[#]} Qb8 $146 ({Predecessor:} 7... Bc5 8. Nb5 Qb8 9. Bf4 e5 10. Be3 Be7 11. Nd2 Nf6 12. Bg5 a6 13. Nc3 h6 14. Bxf6 Bxf6 {1-0 (30) Zwardon,V (2452)-Batkoski,N (1846) Skopje 2019}) 8. Nf3 {White is slightly better.} Bd6 ({Black should play} 8... Bc5 $14) 9. Nc3 $16 Ne5 10. Nb5 $1 Nxf3+ 11. exf3 Bc7 12. b3 a6 13. Nxc7+ Qxc7 14. Bf4 Qc6 15. Qd4 f6 16. Be3 {White is much more active.} b5 17. cxb5 Qxb5 18. Rac1 {Black must now prevent Rc5.} Bc6 $1 19. Qd6 (19. Rxc6 $5 Qxc6 20. f4 $16) 19... Ne7 20. Bc5 {[%csl Gc5][%cal Rd6e7]} Nf5 21. Qf4 Kf7 22. Rfd1 g5 23. Qd2 Qb7 24. Bf1 (24. Ba3 $14) 24... h5 {[%cal Od7d6]} 25. f4 g4 26. Qb4 Qxb4 27. Bxb4 a5 28. Be1 Ra7 29. Rc5 Bf3 30. Rd3 (30. Rxa5 $2 Rxa5 31. Rxd7+ Ke8 $19) 30... h4 31. Bg2 (31. Bxa5 $11 d6 32. Rc7+ Rxc7 33. Bxc7) 31... Bxg2 32. Kxg2 Rha8 33. a4 (33. f3 $11 gxf3+ 34. Kxf3) 33... h3+ 34. Kf1 Ne7 (34... d6 $1 $15 35. Rcc3 e5) 35. f3 $1 $14 gxf3 36. g4 (36. Rh5 $1 $14) 36... Rg8 $11 37. g5 fxg5 38. fxg5 Nf5 (38... d6 $1 $11 39. Rxf3+ Nf5 40. Rxa5 Rc7) 39. Bf2 (39. Bxa5 $14 Rxg5 40. Rxf3) 39... Rb7 40. Rxf3 Rxg5 (40... Rgb8 $11 {is superior.}) 41. Rxa5 $14 Ke7 {[%cal Of5g3]} 42. Rc5 d5 43. a5 $1 d4 $2 {[%mdl 8192] [#]} (43... Rb8 $16) 44. Bxd4 $1 $18 {[%mdl 512]} Rd7 45. Be5 Rd1+ 46. Ke2 Rgg1 47. Rfc3 ({Less strong is} 47. Rc7+ Kd8 48. Rd3+ Rxd3 49. Kxd3 Rd1+ 50. Kc2 Rd5 $14) (47. Rxh3 $142 Rge1+ 48. Kf2 Rf1+ 49. Ke2 Rfe1+ 50. Kf2 Rf1+ 51. Ke2 Rfe1+) 47... Rge1+ (47... Nd4+ {was worth a try.} 48. Bxd4 Rxd4 49. Rxh3 Rg2+ 50. Kf3 Rb2) 48. Kf3 Nd4+ $2 (48... Kf7 49. b4 Ra1) 49. Kg4 Re4+ 50. Kxh3 {aiming for Rc7+.} Kf7 (50... Nc6 $142 51. Bg7 Nb4 52. Rc7+ Kd6 53. Bf8+ Ke5) 51. a6 {[%cal Ba5a6,Ba6a7][%mdl 32] And now a7 would win.} (51. Rg3 Nf5 $18) 51... Nf5 52. a7 Rh4+ 53. Kg2 Rd2+ 54. Kf3 Ra2 55. Rc7+ Kg6 56. R3c4 Rh3+ 57. Bg3 Nxg3 58. hxg3 {[%mdl 4096] Endgame Rh4 is the strong threat. KRR-KRR} Rh5 59. Rg4+ Kf6 60. Rf4+ Kg6 61. Rff7 Rb5 62. Rg7+ Kh6 63. Rh7+ $2 (63. Kf4 $18 {and White stays clearly on top.}) 63... Kg6 $16 64. Rb7 ({White should try} 64. Rcg7+ $16 Kf6 65. Rb7 Rf5+ 66. Ke4) 64... Rxb3+ $1 $11 65. Rxb3 {Threatening mate with Rc7.} Kxh7 {KR-KR} 66. Rb7+ Kg6 67. Ke4 Ra5 $1 68. Kd4 Kf5 $2 {[%mdl 8192] [#]} (68... e5+ $11 69. Kc3 (69. Ke4 Kf6 $16) 69... e4) 69. Kc4 $2 (69. Rb5+ $1 $18 {[%mdl 512]} Rxb5 70. a8=Q Rd5+ 71. Kc4) 69... e5 $1 70. Kb4 Ra1 71. Kc5 {Kb6 would kill now.} Kg4 $2 {[%mdl 8192] [#]} (71... e4 $11) 72. Rg7+ $1 {White mates.} Kf3 73. Kb6 Rb1+ 74. Kc7 Ra1 75. Kb8 Rb1+ 76. Rb7 Ra1 77. Rb3+ {Weighted Error Value: White=0.16 (very precise) /Black=0.32} 1-0

[Event "Faroese Team Championship 2022"]
[Site "Torshavn"]
[Date "2022.03.26"]
[Round "10.2"]
[White "Nielsen, Hogni Egilstoft"]
[Black "Berg, Olaf"]
[Result "1-0"]
[WhiteElo "2405"]
[BlackElo "2204"]
[Annotator "ChessBase"]
[PlyCount "115"]
[EventDate "2022.03.23"]
[EventType "team-tourn"]
[EventCountry "FAI"]
[SourceTitle "playchess.com"]
[Source "ChessBase"]
[SourceQuality "1"]
[TimeControl "40/5400+30:900+30"]

1. e4 {[%emt 0:00:05]} c5 {[%emt 0:00:11]} 2. a3 {[%emt 0:00:22]} g6 {[%emt 0:02:06]} 3. Nc3 {[%emt 0:00:49]} Bg7 {[%emt 0:00:24]} 4. Bc4 {[%emt 0:00:57]} b6 {[%emt 0:10:58]} 5. h4 {[%emt 0:09:02]} h5 {[%emt 0:01:31]} 6. d3 {[%emt 0:02:29]} a6 {[%emt 0:11:29]} 7. Bg5 {[%emt 0:10:32]} Nc6 {[%emt 0:06:48]} 8. Nge2 {[%emt 0:07:54]} Nf6 {[%emt 0:04:10]} 9. Ba2 {[%emt 0:02:12]} Bb7 {[%emt 0:07:43]} 10. Qd2 {[%emt 0:05:09]} b5 {[%emt 0:08:42]} 11. O-O {[%emt 0:14:16]} Qc7 {[%emt 0:07:50]} 12. Rab1 {[%emt 0:09:14]} e6 {[%emt 0:05:20]} 13. b4 {[%emt 0:07:14]} cxb4 {[%emt 0:01:31]} 14. axb4 {[%emt 0:00:22]} Ng4 {[%emt 0:03:39]} 15. Bf4 {[%emt 0:02:03]} Qd8 {[%emt 0:00:33]} 16. g3 {[%emt 0:01:44]} Qe7 {[%emt 0:04:21]} 17. Nd1 {[%emt 0:04:12]} Nge5 {[%emt 0:07:09]} 18. f3 {[%emt 0:02:34]} f6 {[%emt 0:06:10]} 19. Be3 {[%emt 0:05:13]} Rc8 {[%emt 0:01:37]} 20. Kg2 {[%emt 0:01:38]} O-O {[%emt 0:01:28]} 21. Nf4 {[%emt 0:02:07]} Kh7 {[%emt 0:00:29]} 22. Bc5 {[%emt 0:00:36]} d6 {[%emt 0:00:27]} 23. Bb6 {[%emt 0:00:36]} Nd7 {[%emt 0:00:47]} 24. Be3 {[%emt 0:00:36]} Nd8 {[%emt 0:01:09]} 25. Nf2 {[%emt 0:00:03]} Re8 {[%emt 0:03:33]} 26. N2h3 {[%emt 0:01:53]} d5 {[%emt 0:00:54]} 27. Rbe1 {[%emt 0:01:30]} d4 {[%emt 0:01:38]} 28. Bxd4 {[%emt 0:00:24]} e5 {[%emt 0:00:09]} 29. Nd5 {[%emt 0:00:08]} Bxd5 {[%emt 0:00:27]} 30. exd5 {[%emt 0:00:02]} Qd6 {[%emt 0:01:35]} 31. Be3 {[%emt 0:00:20]} Bf8 {[%emt 0:00:37]} 32. Rb1 {[%emt 0:00:46]} Nb6 {[%emt 0:00:33]} 33. Bc5 {[%emt 0:06:04]} Qb8 {[%emt 0:00:02]} 34. Bxf8 {[%emt 0:00:27]} Rxf8 {[%emt 0:00:01]} 35. Rfc1 {[%emt 0:00:30]} Nf7 {[%emt 0:01:24]} 36. c4 {[%emt 0:00:04]} Rfd8 {[%emt 0:00:13]} 37. Nf2 {[%emt 0:00:56]} Kg7 {[%emt 0:00:49]} 38. Ne4 {[%emt 0:00:17]} Qa8 {[%emt 0:00:31]} 39. Qe3 {[%emt 0:00:47]} Qa7 {[%emt 0:00:28]} 40. Nc5 {[%emt 0:00:00]} Kh7 {[%emt 0:00:00]} 41. Qf2 {[%emt 0:05:51]} Ra8 {[%emt 0:06:15]} 42. Bb3 {[%emt 0:02:58]} Rg8 {[%emt 0:02:35]} 43. Ne4 {[%emt 0:04:56]} Nd7 {[%emt 0:01:57]} 44. Qxa7 {[%emt 0:00:52]} Rxa7 {[%emt 0:00:04]} 45. c5 {[%emt 0:00:28]} f5 {[%emt 0:00:08]} 46. Ng5+ {[%emt 0:01:26]} Nxg5 {[%emt 0:00:11]} 47. hxg5 {[%emt 0:00:05]} Rc8 {[%emt 0:03:23]} 48. Ra1 {[%emt 0:00:34]} Nb8 {[%emt 0:01:40]} 49. Re1 {[%emt 0:01:36]} a5 {[%emt 0:01:09]} 50. Rxe5 {[%emt 0:01:55]} a4 {[%emt 0:00:05]} 51. Ba2 {[%emt 0:00:27]} Na6 {[%emt 0:00:12]} 52. Rb1 {[%emt 0:00:43]} Kg7 {[%emt 0:03:39]} 53. d4 {[%emt 0:00:26]} Kf8 {[%emt 0:00:29]} 54. Kf2 {[%emt 0:01:25]} Re8 {[%emt 0:00:34]} 55. f4 {[%emt 0:00:21]} a3 {[%emt 0:00:36]} 56. d6 {[%emt 0:01:44]} Rd8 {[%emt 0:00:35]} 57. Re6 {[%emt 0:00:21]} Kg7 {[%emt 0:00:27]} 58. d5 {[%emt 0:01:13]} 1-0

[Event "Faroese Team Championship 2022"]
[Site "Torshavn"]
[Date "2022.03.26"]
[Round "10.3"]
[White "Samuelsen, Carl Eli Nolsoe"]
[Black "Nilssen, John Arni"]
[Result "0-1"]
[WhiteElo "2158"]
[BlackElo "2323"]
[Annotator "ChessBase"]
[PlyCount "98"]
[EventDate "2022.03.23"]
[EventType "team-tourn"]
[EventCountry "FAI"]
[SourceTitle "playchess.com"]
[Source "ChessBase"]
[SourceQuality "1"]
[TimeControl "40/5400+30:900+30"]

1. Nf3 {[%emt 0:00:19]} g6 {[%emt 0:00:18]} 2. d4 {[%emt 0:01:01]} Bg7 {[%emt 0:00:10]} 3. c4 {[%emt 0:01:12]} e6 {[%emt 0:00:09]} 4. Bg5 {[%emt 0:04:11]} Ne7 {[%emt 0:03:46]} 5. Nc3 {[%emt 0:01:07]} h6 {[%emt 0:01:04]} 6. Bh4 {[%emt 0:02:18]} d6 {[%emt 0:02:34]} 7. e3 {[%emt 0:02:43]} f5 {[%emt 0:03:15]} 8. Be2 {[%emt 0:07:32]} Nd7 {[%emt 0:02:21]} 9. Bxe7 {[%emt 0:14:04]} Qxe7 {[%emt 0:02:20]} 10. Qc2 {[%emt 0:01:41]} O-O {[%emt 0:07:19]} 11. O-O-O {[%emt 0:05:38]} c6 {[%emt 0:07:19]} 12. h4 {[%emt 0:08:29]} e5 {[%emt 0:07:19]} 13. h5 {[%emt 0:09:14]} g5 {[%emt 0:01:31]} 14. d5 {[%emt 0:05:54]} c5 {[%emt 0:11:26]} 15. Nd2 {[%emt 0:04:23]} Nf6 {[%emt 0:04:11]} 16. Rde1 {[%emt 0:06:35]} Bd7 {[%emt 0:02:21]} 17. Nf1 {[%emt 0:02:11]} a6 {[%emt 0:02:08]} 18. Ng3 {[%emt 0:04:00]} e4 {[%emt 0:02:12]} 19. Kb1 {[%emt 0:04:36]} Qe5 {[%emt 0:02:25]} 20. Nd1 {[%emt 0:03:23]} b5 {[%emt 0:01:22]} 21. Qc3 {[%emt 0:00:50]} Qe7 {[%emt 0:03:45]} 22. Qa5 {[%emt 0:00:32]} Rfb8 {[%emt 0:03:25]} 23. cxb5 {[%emt 0:05:29]} axb5 {[%emt 0:04:34]} 24. Qd2 {[%emt 0:00:32]} Qe5 {[%emt 0:01:00]} 25. Nc3 {[%emt 0:01:29]} b4 {[%emt 0:02:23]} 26. Nd1 {[%emt 0:00:26]} Bb5 {[%emt 0:03:56]} 27. Bxb5 {[%emt 0:01:57]} Rxb5 {[%emt 0:00:09]} 28. Ne2 {[%emt 0:00:28]} Nxd5 {[%emt 0:01:53]} 29. f4 {[%emt 0:01:33]} exf3 {[%emt 0:02:21]} 30. gxf3 {[%emt 0:00:05]} Qe6 {[%emt 0:06:00]} 31. Nc1 {[%emt 0:01:01]} Nc3+ {[%emt 0:01:08]} 32. Kc2 {[%emt 0:00:14]} Nxa2 {[%emt 0:00:44]} 33. Kd3 {[%emt 0:01:19]} Qd5+ {[%emt 0:03:25]} 34. Ke2 {[%emt 0:00:13]} Qc4+ {[%emt 0:00:33]} 35. Nd3 {[%emt 0:00:30]} b3 {[%emt 0:01:03]} 36. Kf2 {[%emt 0:00:41]} Qc2 {[%emt 0:01:45]} 37. Re2 {[%emt 0:00:25]} c4 {[%emt 0:00:12]} 38. Ne1 {[%emt 0:00:26]} Qxd2 {[%emt 0:00:16]} 39. Rxd2 {[%emt 0:00:06]} d5 {[%emt 0:00:20]} 40. Ng2 {[%emt 0:00:00]} Nb4 {[%emt 0:00:00]} 41. f4 {[%emt 0:03:04]} Nd3+ {[%emt 0:02:12]} 42. Ke2 {[%emt 0:07:15]} gxf4 {[%emt 0:02:08]} 43. Rxd3 {[%emt 0:01:37]} cxd3+ {[%emt 0:02:16]} 44. Kxd3 {[%emt 0:00:17]} fxe3 {[%emt 0:06:16]} 45. Ndxe3 {[%emt 0:03:52]} Bxb2 {[%emt 0:01:51]} 46. Nf4 {[%emt 0:00:38]} Kh7 {[%emt 0:01:29]} 47. Nfxd5 {[%emt 0:01:54]} Be5 {[%emt 0:01:01]} 48. Kc4 {[%emt 0:01:22]} Rb7 {[%emt 0:00:33]} 49. Nxf5 {[%emt 0:00:40]} b2 {[%emt 0:01:18]} 0-1

[Event "Faroese Team Championship 2022"]
[Site "Torshavn"]
[Date "2022.03.26"]
[Round "10.4"]
[White "Nielsen, Torkil"]
[Black "Apol, Luitjen Akselsson"]
[Result "0-1"]
[WhiteElo "2135"]
[BlackElo "2154"]
[Annotator "NA"]
[PlyCount "46"]
[EventDate "2022.03.23"]
[EventType "team-tourn"]
[EventCountry "FAI"]
[SourceTitle "playchess.com"]
[Source "ChessBase"]
[SourceQuality "1"]
[TimeControl "40/5400+30:900+30"]

1. e4 {[%emt 0:00:08]} c5 {[%emt 0:00:16]} 2. Nf3 {[%emt 0:00:29]} d6 {[%emt 0:00:34]} 3. b4 {[%emt 0:01:08]} Nf6 {[%emt 0:23:50]} 4. Bb5+ {[%emt 0:05:16]} Bd7 {[%emt 0:04:39]} 5. Qe2 {[%emt 0:00:42]} a6 {[%emt 0:13:19]} (5... cxb4 $11 6. d4 g6) 6. Bxd7+ {[%emt 0:02:12]} Nbxd7 {[%emt 0:00:02]} 7. O-O {[%emt 0:15:23]} (7. bxc5 $142 Nxc5 8. d3) 7... e6 {[%emt 0:11:08]} 8. a3 {[%emt 0:07:46]} Rc8 {[%emt 0:01:46]} 9. c4 {[%emt 0:03:49]} Qb6 {[%emt 0:12:30]} 10. Nc3 {[%emt 0:13:27]} cxb4 {[%emt 0:02:00]} 11. axb4 {[%emt 0:01:25]} Qxb4 {[%emt 0:00:56]} 12. Ra4 {[%emt 0:01:49]} Qb6 {[%emt 0:09:53]} 13. d4 {[%emt 0:07:57]} Qc7 {[%emt 0:07:55]} 14. e5 {[%emt 0:10:38]} dxe5 {[%emt 0:00:00]} 15. dxe5 {[%emt 0:00:46]} Ng4 $17 {[%emt 0:00:00]} 16. Re1 {[%emt 0:11:30]} Nb6 {[%emt 0:00:13]} 17. Nd5 {[%emt 0:04:55]} exd5 {[%emt 0:04:22]} 18. e6 {[%emt 0:05:07]} f6 {[%emt 0:01:39]} 19. e7 {[%emt 0:00:50]} Bxe7 {[%emt 0:02:20]} 20. Bf4 {[%emt 0:03:34]} Qd7 {[%emt 0:01:35]} 21. cxd5 {[%emt 0:01:35]} O-O {[%emt 0:00:46]} 22. d6 {[%emt 0:00:22]} Nxa4 {[%emt 0:00:52]} 23. dxe7 {[%emt 0:00:04]} Rfe8 {[%emt 0:01:21]} 0-1

[Event "Faroese Team Championship 2022"]
[Site "Torshavn"]
[Date "2022.03.26"]
[Round "10.5"]
[White "Mortensen, Rogvi"]
[Black "Simonsen, Olavur"]
[Result "0-1"]
[WhiteElo "2019"]
[BlackElo "2197"]
[Annotator "NA"]
[PlyCount "88"]
[EventDate "2022.03.23"]
[EventType "team-tourn"]
[EventCountry "FAI"]
[SourceTitle "playchess.com"]
[Source "ChessBase"]
[SourceQuality "1"]
[TimeControl "40/5400+30:900+30"]

1. d4 {[%emt 0:00:14]} d5 {[%emt 0:00:58]} 2. c4 {[%emt 0:01:22]} Nc6 {[%emt 0:00:55]} 3. Nf3 {[%emt 0:02:37]} Bg4 {[%emt 0:04:24]} 4. Nc3 {[%emt 0:00:44]} e6 {[%emt 0:13:47]} 5. cxd5 {[%emt 0:00:20]} exd5 {[%emt 0:07:01]} 6. Qb3 {[%emt 0:00:46]} Bb4 {[%emt 0:08:50]} 7. e3 {[%emt 0:02:48]} Nge7 {[%emt 0:05:14]} 8. Be2 {[%emt 0:04:43]} O-O {[%emt 0:01:12]} 9. Bd2 {[%emt 0:01:44]} Rb8 {[%emt 0:04:02]} 10. a3 {[%emt 0:10:30]} Bxc3 {[%emt 0:00:48]} 11. Bxc3 {[%emt 0:00:28]} Re8 {[%emt 0:03:47]} 12. O-O {[%emt 0:04:12]} Ng6 {[%emt 0:03:45]} 13. h3 {[%emt 0:11:50]} Bf5 {[%emt 0:03:09]} 14. Rfe1 {[%emt 0:10:04]} Nce7 {[%emt 0:04:23]} 15. g4 {[%emt 0:16:18]} Bd7 {[%emt 0:03:59]} 16. Ne5 {[%emt 0:01:23]} c6 {[%emt 0:02:59]} 17. e4 {[%emt 0:04:05]} Nf4 {[%emt 0:03:04]} 18. Bd2 {[%emt 0:02:43]} Nxe2+ {[%emt 0:01:49]} 19. Rxe2 {[%emt 0:00:02]} Be6 {[%emt 0:00:54]} 20. Qg3 {[%emt 0:08:28]} dxe4 {[%emt 0:03:41]} 21. Rxe4 $11 {[%emt 0:00:13]} Bd5 {[%emt 0:03:31]} 22. Ree1 {[%emt 0:01:08]} f6 {[%emt 0:02:25]} 23. Nd3 {[%emt 0:00:26]} b6 {[%emt 0:02:15]} 24. Bc3 {[%emt 0:02:12]} Qd7 {[%emt 0:00:34]} 25. Rad1 {[%emt 0:01:12]} Bf7 {[%emt 0:00:55]} 26. Rc1 {[%emt 0:02:01]} Nd5 {[%emt 0:01:33]} 27. Bd2 {[%emt 0:01:46]} h6 {[%emt 0:01:37]} 28. b4 {[%emt 0:01:25]} Rxe1+ {[%emt 0:03:02]} 29. Rxe1 {[%emt 0:00:48]} Re8 {[%emt 0:00:25]} 30. Rxe8+ {[%emt 0:00:33]} Qxe8 {[%emt 0:00:27]} 31. Qf3 {[%emt 0:00:24]} Qd7 {[%emt 0:00:16]} 32. Qe4 {[%emt 0:02:02]} Ne7 {[%emt 0:00:24]} 33. Nf4 {[%emt 0:00:20]} g5 {[%emt 0:03:01]} 34. Ne2 {[%emt 0:00:30]} Bg6 {[%emt 0:00:26]} 35. Qf3 {[%emt 0:01:46]} Nd5 {[%emt 0:03:30]} 36. Ng3 {[%emt 0:00:55]} Qe6 {[%emt 0:00:33]} 37. Nf1 {[%emt 0:01:05]} f5 {[%emt 0:01:54]} 38. Ne3 {[%emt 0:00:40]} fxg4 {[%emt 0:02:44]} 39. hxg4 {[%emt 0:01:37]} Be4 {[%emt 0:00:35]} 40. Qg3 {[%emt 0:00:00]} Nf4 {[%emt 0:00:00]} 41. Kh2 {[%emt 0:02:13]} Qa2 {[%emt 0:01:43]} 42. Nf1 {[%emt 0:02:09]} Qb1 {[%emt 0:03:03]} 43. Bxf4 {[%emt 0:01:01]} Qxf1 {[%emt 0:00:12]} 44. f3 {[%emt 0:01:48]} Bxf3 {[%emt 0:02:04]} 0-1

[Event "Faroese Team Championship 2022"]
[Site "Torshavn"]
[Date "2022.03.26"]
[Round "10.6"]
[White "Petersen, Terji"]
[Black "Jogvan, Hjalti Toftum"]
[Result "0-1"]
[WhiteElo "2050"]
[BlackElo "2022"]
[Annotator "NA"]
[PlyCount "96"]
[EventDate "2022.03.23"]
[EventType "team-tourn"]
[EventCountry "FAI"]
[SourceTitle "playchess.com"]
[Source "ChessBase"]
[SourceQuality "1"]
[TimeControl "40/5400+30:900+30"]

1. d4 {[%emt 0:00:22]} d5 {[%emt 0:00:57]} 2. c4 {[%emt 0:00:31]} e6 {[%emt 0:00:18]} 3. Nc3 {[%emt 0:00:05]} Be7 {[%emt 0:00:41]} 4. Nf3 {[%emt 0:00:26]} c6 {[%emt 0:00:15]} 5. e4 {[%emt 0:02:28]} dxe4 {[%emt 0:00:34]} 6. Nxe4 {[%emt 0:00:07]} Nf6 {[%emt 0:00:04]} 7. Bd3 {[%emt 0:00:56]} b6 {[%emt 0:05:39]} 8. O-O {[%emt 0:02:01]} Bb7 {[%emt 0:00:33]} 9. Qc2 {[%emt 0:06:26]} Nbd7 {[%emt 0:03:11]} 10. b3 {[%emt 0:01:21]} (10. Neg5 $14) 10... O-O {[%emt 0:00:37]} 11. Bb2 {[%emt 0:02:17]} (11. Nxf6+ $142 Nxf6 12. c5) 11... Nxe4 {[%emt 0:03:17]} 12. Bxe4 {[%emt 0:00:15]} f5 {[%emt 0:02:23]} 13. Bd3 {[%emt 0:00:38]} Bf6 {[%emt 0:00:40] [#]} (13... c5 $11) 14. Rfe1 {[%emt 0:01:56]} (14. c5 $1 $16) 14... Re8 {[%emt 0:01:11] [#]} (14... c5 $11) 15. b4 {[%emt 0:10:48]} (15. c5 $1 $16) 15... c5 $1 {[%emt 0:03:54]} 16. dxc5 {[%emt 0:07:43]} bxc5 {[%emt 0:02:32]} 17. Rab1 {[%emt 0:12:52]} (17. a3 $15) 17... Bxf3 {[%emt 0:10:40]} 18. gxf3 {[%emt 0:01:49]} cxb4 {[%emt 0:02:35]} 19. Bxf6 {[%emt 0:00:29]} Qxf6 {[%emt 0:00:48]} 20. Rxb4 {[%emt 0:00:12]} Ne5 {[%emt 0:04:04]} 21. Be2 {[%emt 0:01:39]} Qg5+ {[%emt 0:02:18]} 22. Kh1 {[%emt 0:00:14]} Qh4 {[%emt 0:00:20]} 23. Qc3 {[%emt 0:11:48] [#]} Qxf2 $1 {[%emt 0:02:19]} 24. Bd1 {[%emt 0:00:39]} Nc6 {[%emt 0:12:27]} 25. Rb7 {[%emt 0:03:02]} Re7 {[%emt 0:07:57]} 26. Rxe7 {[%emt 0:00:20]} Nxe7 {[%emt 0:00:01]} 27. Qe5 {[%emt 0:00:45]} Qb6 {[%emt 0:03:06]} 28. Bb3 {[%emt 0:04:16]} Qc6 {[%emt 0:03:48]} 29. Qxe6+ {[%emt 0:03:39]} Qxe6 {[%emt 0:00:06]} 30. Rxe6 {[%emt 0:00:04]} Kf8 {[%emt 0:00:27]} 31. Rd6 {[%emt 0:04:10]} Rc8 {[%emt 0:00:35]} 32. Rd7 $11 {[%emt 0:00:14]} a5 {[%emt 0:00:17]} 33. Ba4 {[%emt 0:04:56]} Rc5 {[%emt 0:00:38]} 34. Rd8+ {[%emt 0:02:54]} Kf7 {[%emt 0:00:08]} 35. Ra8 {[%emt 0:00:06]} Kf6 {[%emt 0:00:31]} 36. Bb5 {[%emt 0:00:15]} Ng6 {[%emt 0:02:00]} 37. Rxa5 {[%emt 0:05:45]} Ne5 {[%emt 0:01:45]} 38. Ra4 {[%emt 0:00:20]} Nxf3 {[%emt 0:00:19]} 39. Rb4 {[%emt 0:00:13]} f4 {[%emt 0:02:39]} 40. a4 {[%emt 0:00:00]} Rg5 {[%emt 0:00:00]} 41. Rb1 {[%emt 0:01:46]} Rh5 {[%emt 0:03:56]} 42. Kg2 {[%emt 0:06:42]} Nd2 {[%emt 0:00:29]} 43. Rb2 {[%emt 0:03:07]} f3+ {[%emt 0:00:37]} 44. Kg3 {[%emt 0:05:11]} Rg5+ {[%emt 0:00:28]} 45. Kh3 {[%emt 0:00:21]} Ne4 {[%emt 0:09:01]} 46. c5 {[%emt 0:04:05]} Kf5 {[%emt 0:00:44]} 47. Bd7+ {[%emt 0:01:36]} Kf4 {[%emt 0:00:10]} 48. Rb1 {[%emt 0:01:59]} Nd2 {[%emt 0:00:02]} 0-1

[Event "Faroese Team Championship 2022"]
[Site "Torshavn"]
[Date "2022.03.26"]
[Round "10.7"]
[White "Berg, Margar M."]
[Black "Hansen Eliasen, Bogi"]
[Result "1-0"]
[WhiteElo "2005"]
[BlackElo "1841"]
[Annotator "ChessBase"]
[PlyCount "107"]
[EventDate "2022.03.23"]
[EventType "team-tourn"]
[EventCountry "FAI"]
[SourceTitle "playchess.com"]
[Source "ChessBase"]
[SourceQuality "1"]
[TimeControl "40/5400+30:900+30"]

1. c4 {[%emt 0:00:21]} f5 {[%emt 0:00:39]} 2. g3 {[%emt 0:01:19]} e6 {[%emt 0:00:33]} 3. Nc3 {[%emt 0:00:20]} Nf6 {[%emt 0:00:13]} 4. Bg2 {[%emt 0:00:24]} c6 {[%emt 0:00:33]} 5. e4 {[%emt 0:02:38]} fxe4 {[%emt 0:02:34]} 6. Nxe4 {[%emt 0:07:36]} d5 {[%emt 0:00:57]} 7. Nxf6+ {[%emt 0:02:36]} Qxf6 {[%emt 0:00:22]} 8. Qh5+ {[%emt 0:05:47]} g6 {[%emt 0:04:09]} 9. Qe2 {[%emt 0:00:57]} dxc4 {[%emt 0:18:03]} 10. Qxc4 {[%emt 0:06:18]} Nd7 {[%emt 0:00:52]} 11. Ne2 {[%emt 0:14:58]} Nb6 {[%emt 0:05:47]} 12. Qf4 {[%emt 0:19:26]} Qxf4 {[%emt 0:13:49]} 13. Nxf4 {[%emt 0:00:20]} e5 {[%emt 0:00:40]} 14. Nd3 {[%emt 0:00:56]} Bg7 {[%emt 0:01:03]} 15. O-O {[%emt 0:01:15]} O-O {[%emt 0:11:20]} 16. Nc5 {[%emt 0:01:32]} Nd5 {[%emt 0:01:01]} 17. a3 {[%emt 0:07:23]} b6 {[%emt 0:04:16]} 18. Ne4 {[%emt 0:01:04]} Ba6 {[%emt 0:08:23]} 19. Re1 {[%emt 0:00:43]} Rad8 {[%emt 0:00:23]} 20. b4 {[%emt 0:00:58]} h6 {[%emt 0:00:24]} 21. Bb2 {[%emt 0:00:46]} Rfe8 {[%emt 0:04:36]} 22. Rac1 {[%emt 0:02:54]} Bb5 {[%emt 0:00:48]} 23. Ba1 {[%emt 0:01:14]} Ne7 {[%emt 0:04:47]} 24. h4 {[%emt 0:10:32]} Kh7 {[%emt 0:01:24]} 25. g4 {[%emt 0:02:20]} Nd5 {[%emt 0:02:35]} 26. Nc3 {[%emt 0:03:54]} Nf4 {[%emt 0:06:34]} 27. Nxb5 {[%emt 0:00:45]} cxb5 {[%emt 0:00:22]} 28. Rc7 {[%emt 0:00:27]} Kh8 {[%emt 0:02:03]} 29. Bc6 {[%emt 0:01:28]} Rf8 {[%emt 0:00:57]} 30. Bxe5 {[%emt 0:02:15]} Bxe5 {[%emt 0:01:37]} 31. Rxe5 {[%emt 0:00:23]} Nh3+ {[%emt 0:00:43]} 32. Kg2 {[%emt 0:01:16]} Nf4+ {[%emt 0:01:04]} 33. Kg3 {[%emt 0:01:09]} Rd3+ {[%emt 0:00:50]} 34. Re3 {[%emt 0:00:35]} Rxd2 {[%emt 0:01:02]} 35. Ree7 {[%emt 0:00:35]} Ne2+ {[%emt 0:01:34]} 36. Kg2 {[%emt 0:00:11]} Nf4+ {[%emt 0:00:18]} 37. Kh1 {[%emt 0:00:21]} Rd1+ {[%emt 0:01:08]} 38. Kh2 {[%emt 0:00:08]} Ne6 {[%emt 0:00:30]} 39. Rxe6 {[%emt 0:00:22]} Rxf2+ {[%emt 0:00:19]} 40. Bg2 {[%emt 0:00:00]} Kg8 {[%emt 0:00:00]} 41. Re8+ {[%emt 0:01:33]} Rf8 {[%emt 0:00:55]} 42. Rxf8+ {[%emt 0:00:04]} Kxf8 {[%emt 0:00:07]} 43. Rxa7 {[%emt 0:00:11]} h5 {[%emt 0:00:50]} 44. gxh5 {[%emt 0:00:20]} gxh5 {[%emt 0:00:08]} 45. Rh7 {[%emt 0:00:17]} Rd3 {[%emt 0:01:48]} 46. Rxh5 {[%emt 0:00:11]} Rxa3 {[%emt 0:00:34]} 47. Rxb5 {[%emt 0:00:09]} Ra6 {[%emt 0:00:32]} 48. Rg5 {[%emt 0:00:31]} Ra4 {[%emt 0:00:37]} 49. Rb5 {[%emt 0:00:44]} Ra3 {[%emt 0:01:20]} 50. Rxb6 {[%emt 0:00:09]} Kg7 {[%emt 0:00:10]} 51. b5 {[%emt 0:00:20]} Rb3 {[%emt 0:00:20]} 52. Rb8 {[%emt 0:00:28]} Rb4 {[%emt 0:02:18]} 53. Kg3 {[%emt 0:00:14]} Rb3+ {[%emt 0:02:33]} 54. Bf3 {[%emt 0:00:10]} 1-0